<?xml version="1.0" encoding="UTF-8"?><?xml-stylesheet type="text/xsl" href="static/style.xsl"?><OAI-PMH xmlns="http://www.openarchives.org/OAI/2.0/" xmlns:xsi="http://www.w3.org/2001/XMLSchema-instance" xsi:schemaLocation="http://www.openarchives.org/OAI/2.0/ http://www.openarchives.org/OAI/2.0/OAI-PMH.xsd"><responseDate>2026-04-18T07:03:11Z</responseDate><request verb="GetRecord" identifier="oai:www.recercat.cat:10256/26173" metadataPrefix="marc">https://recercat.cat/oai/request</request><GetRecord><record><header><identifier>oai:recercat.cat:10256/26173</identifier><datestamp>2025-02-04T06:06:10Z</datestamp><setSpec>com_2072_452955</setSpec><setSpec>com_2072_2054</setSpec><setSpec>col_2072_453072</setSpec></header><metadata><record xmlns="http://www.loc.gov/MARC21/slim" xmlns:dcterms="http://purl.org/dc/terms/" xmlns:xsi="http://www.w3.org/2001/XMLSchema-instance" xmlns:doc="http://www.lyncode.com/xoai" xsi:schemaLocation="http://www.loc.gov/MARC21/slim http://www.loc.gov/standards/marcxml/schema/MARC21slim.xsd">
   <leader>00925njm 22002777a 4500</leader>
   <datafield ind2=" " ind1=" " tag="042">
      <subfield code="a">dc</subfield>
   </datafield>
   <datafield ind2=" " ind1=" " tag="720">
      <subfield code="a">Albertín Carbó, Pilar</subfield>
      <subfield code="e">author</subfield>
   </datafield>
   <datafield ind2=" " ind1=" " tag="720">
      <subfield code="a">Langarita Adiego, José Antonio</subfield>
      <subfield code="e">author</subfield>
   </datafield>
   <datafield ind2=" " ind1=" " tag="720">
      <subfield code="a">Mas Grau, Jordi</subfield>
      <subfield code="e">author</subfield>
   </datafield>
   <datafield ind2=" " ind1=" " tag="260">
      <subfield code="c">2022-12-18</subfield>
   </datafield>
   <datafield ind2=" " ind1=" " tag="520">
      <subfield code="a">Organic Law 1/2015 incorporated so-called hate crimes into the Spanish Penal Code. For LGTBI+ people, the implementation of these legal protection measures has meant an opportunity to combat discrimination, but it has also exposed some limits and challenges. In the investigation, we will present the experiences of hate crimes as narrated by LGTBI+ people and contrast them with legal and institutional resources and critical criminological perspectives. To this end, qualitative interviews have been conducted with 10 people from the LGTBI+ community and with 10 victim-care professionals. The findings show a representation of anti-LGTBI+ violence as an individualized issue disconnected from a cisheterocentric and LGTBI+-phobic structural context. They also reveal the tendency to transfer social conflicts to criminal courts instead of addressing them from alternative forms of administrative justice, such as restorative justice</subfield>
   </datafield>
   <datafield ind2=" " ind1=" " tag="520">
      <subfield code="a">La Ley Orgánica 1/2015 incorporó los llamados delitos de odio en el Código Penal español. Para las personas LGTBI+ la implementación de estas medidas legales de protección ha significado una oportunidad para combatir la discriminación, pero también ha dejado al descubierto algunos límites y desafíos. En la investigación que presentamos en este artículo mostraremos las experiencias de delitos de odio narradas por las personas LGTBI+ y las pondremos en relación con los recursos e intervenciones legales y las perspectivas criminológicas críticas. Para ello, se han realizado entrevistas semiestructuradas a 10 personas LGTBI+ y a 10 a profesionales de atención a víctimas. Los resultados apuntan a que los delitos de odio contribuyen a una representación de las violencias anti-LGTBI+ como una cuestión individualizada y desconectada de un contexto estructural cisheterocentrado y LGTBI+fóbico. De igual modo los resultados obtenidos muestran la tendencia a trasladar los conflictos sociales a las salas de lo penal en lugar de abordarlos desde otras formas de administración de justicia como la justicia restaurativa</subfield>
   </datafield>
   <datafield ind1="8" ind2=" " tag="024">
      <subfield code="a">http://hdl.handle.net/10256/26173</subfield>
   </datafield>
   <datafield tag="653" ind2=" " ind1=" ">
      <subfield code="a">Delictes d'odi</subfield>
   </datafield>
   <datafield tag="653" ind2=" " ind1=" ">
      <subfield code="a">Homofòbia</subfield>
   </datafield>
   <datafield tag="653" ind2=" " ind1=" ">
      <subfield code="a">Hate crimes</subfield>
   </datafield>
   <datafield tag="653" ind2=" " ind1=" ">
      <subfield code="a">Homophobia</subfield>
   </datafield>
   <datafield tag="653" ind2=" " ind1=" ">
      <subfield code="a">Transfòbia</subfield>
   </datafield>
   <datafield tag="653" ind2=" " ind1=" ">
      <subfield code="a">Transphobia</subfield>
   </datafield>
   <datafield tag="653" ind2=" " ind1=" ">
      <subfield code="a">Justícia restauradora</subfield>
   </datafield>
   <datafield tag="653" ind2=" " ind1=" ">
      <subfield code="a">Restorative justice</subfield>
   </datafield>
   <datafield ind2="0" ind1="0" tag="245">
      <subfield code="a">Delitos de odio anti-LGTBI+. Oportunidades, límites y desafíos en el sistema penal</subfield>
   </datafield>
</record></metadata></record></GetRecord></OAI-PMH>